Summo Annuente Archiatro, Jussu & Autoritate Gratiosissimi Synedrii Medici in Alma Philyrea, Laesam Hominis Loquelam,

Bibliographic Details
Main Author: Schacher, Polycarp Gottlieb, 1674-1737 (Author, Dissertant, Dedicator)
Corporate Author: Götze, Christian (Lipsko, Nemecko) (Printer)
Other Authors: Schamberg, Johann Christian, 1667-1706 (Thesis advisor), Götze, Christian (Printer)
Format: Thesis Book
Language:Latin
PhysicalDescription:22 nečíslovaných listov 4°
Subjects:

MARC

LEADER 00000nam a2200000 4500
001 vtls011913559
003 SK-MaSNL
005 20260301225252.0
008 251112s1696 gw f 000 0 lat
015 |a SNBHFA1696 
040 |a SNKHF  |b slo  |c SNKHF  |e rda 
041 |a lat 
044 |a gw  |c DE 
072 7 |a 61  |x Lekárske vedy. Medicína  |2 konspekt 
080 |a 61  |2 2011 
080 |a (043.3)  |2 2011 
080 |a 159.946.3  |2 2011 
080 |a 617-089  |2 2011 
100 1 |a Schacher, Polycarp Gottlieb,  |d 1674-1737  |4 aut  |4 dis  |4 dto  |9 504259 
245 1 0 |a Summo Annuente Archiatro, Jussu & Autoritate Gratiosissimi Synedrii Medici in Alma Philyrea, Laesam Hominis Loquelam,  |c Praeside Viro Nobilissimo, Excellentissimo atque Experientissimo Dn. Jo. Christiano Schamberg/ Philos. & Medic. Doctore Celeberrimo, & Facult. Medicae Assessore gravissimo, Patrono, Praeceptore ac Affine aetatem colendo, In Dissertatione Inaugurali Pro Licentia Summos in Arte Medica Honores impetrandi, Placido Eruditorum Examini ; sistit M. Polycarp. Gottlieb Schacher/ Lipsiens. Med. Baccalaur. 
264 3 |a Lipsiae  |b Typis Goezianis  |c Anno MDCXCVI (1696) 
300 |a 22 nečíslovaných listov  |c 4° 
336 |a text  |b txt  |2 rdacontect 
337 |a bez média  |b n  |2 rdamedia 
338 |a zväzok  |b nc  |2 rdacarrier 
500 |a Vinety, ozdobné iniciálky s ozdobným pozadím na 5 riadkov, kustody 
501 |a Príväzok 39. k: FINGER, Christian Gottfried. Disputatio Inauguralis De Dentitione Puerorum Difficili. Lipsiae: Literis Christoph. Fleischeri, 1694. 4°.  |5 SNK IC 144753 
502 |a Dizertačná práca (Doktor) -- Universität Leipzig, Lipsko, 1696 
504 |a Poznámky pod čiarou 
508 |a Dedikácia: Schacher, Polycarp Gottlieb; Falckner, Joh. Fridericus, Schamberg, Johann Christian 
510 4 |a VD17  |c 14:063436B 
546 |a Latinčina  |b Kurzíva 
561 |a Z knižnice Učenej spoločnosti malohontskej.  |5 SNK IC 144753/prív.39 
650 0 7 |a medicína  |2 SNKPH  |9 899 
650 0 7 |a reč  |2 SNKPH  |9 2174 
650 0 7 |a chirurgia  |2 SNKPH  |9 2178 
655 7 |a dizertácie  |2 SNKPH  |9 70277 
700 1 |a Schamberg, Johann Christian,  |d 1667-1706  |4 ths  |9 503938 
700 1 |a Schacher, Quirinus Hartmannus  |4 hnr  |9 618606 
700 1 |a Falckner, Joh. Fridericus  |4 hnr  |9 618607 
700 1 |a Götze, Christian  |4 prt  |9 363225 
710 2 |a Učená spoločnosť malohontská  |4 fmo  |9 205374 
710 0 |a Götze, Christian (Lipsko, Nemecko)  |4 prt  |9 363226 
752 |a Nemecko  |d Lipsko 
852 |a snk  |b Historické fondy  |p IC 144753/prív.39 
958 |a DC 
958 |a MI 
999 |c 950283  |d 952213 
952 |t LXXIII. / MHC 1283  |a SNK  |b SNK  |c SNK_HF  |y PREZ  |7 0  |p 17A1357583  |o snkIC 144753/prív.39  |i snk2020/1428  |8 5  |0 0  |1 0  |4 0  |d 2020-01-27  |l 0  |r 2026-02-24 09:46:21  |w 2026-02-24